Missing Word: Bad Action Movies Quiz Stats

 Plays Quiz Updated Jan 16, 2018

Challenge
Share
Tweet
Embed
Score 0/18 Timer 05:00
0 Plays Today
Movie Missing Word % Correct
The Day _____ TomorrowAfter
98.6%
Independence _____: ResurgenceDay
97%
Die _____ DayAnother
94.1%
Mr. and Mrs. _____Smith
93.4%
Assassin's _____Creed
89.3%
_____ AndreasSan
85.8%
Suicide _____Squad
83.1%
_____ Cody BanksAgent
82.5%
The Sum of All _____Fears
74.6%
Movie Missing Word % Correct
I Am Number _____Four
70.2%
Aeon _____Flux
66.5%
The Boondock _____Saints
64.7%
Batman V Superman: Dawn of _____Justice
59.6%
_____ DawnRed
59.6%
xXx: Return of _____ CageXander
43.6%
_____ GenisysTerminator
42.5%
In The _____ of The SeaHeart
36.9%
The Legend of _____Tarzan
19.3%

Today's Daily Dose

You're not logged in!

Compare scores with friends on all Sporcle quizzes.
OR
Log In

You Might Also Like...

Show Comments

Extras

Top Quizzes Today


Score Distribution

Your Account Isn't Verified!

In order to create a playlist on Sporcle, you need to verify the email address you used during registration. Go to your Sporcle Settings to finish the process.

Report this User

Report this user for behavior that violates our Community Guidelines.

Details: